000 01179nam a2200325 i 4500
003 EG-GICUC
005 20260121101544.0
008 251228s1947 ua ||||fr|||| 00| 0 ara d
040 _a EG-GICUC
_bara
_c EG-GICUC
_d EG-GICUC
_erda
041 0 _aara
082 0 4 _221
_a343.32
_bأ ن . ت
092 0 4 _221
099 _aLaw1 10 343.32 أ ن . ت 2 ed 1947
100 0 _aأنا فرويد
_eمؤلف.
245 1 2 _aالتحليل النفسي للأطفال /
_cتأليف أنا فرويد ؛ محمد كامل النحاس.
250 _aالطبعة الأولى
250 _aالطبعة الثانية
264 1 _aالقاهرة :
_bدار النهضة العربية،
_c1947.
300 _a127 ؛ صفحة
_c24 سم.
336 _2rda content
_atext
337 _2rda media
_aComputer
338 _2rda carrier
_aOnline Resource
546 _aالنص باللغة العربية
650 1 4 _aالنظم الإجرائية المقارنة
650 1 4 _aالقانون الجنائي
700 _aمحمد كامل النحاس
_eمترجم.
856 4 0 _uhttps://fll.law.cu.edu.eg/fulltext/bks/B10-07160.pdf
905 _a77
942 _2ddc
_cBK
_e21
_n0
999 _c52939
_d52939